<?xml version="1.0" encoding="UTF-8"?>
<record
    xmlns:xsi="http://www.w3.org/2001/XMLSchema-instance"
    xsi:schemaLocation="http://www.loc.gov/MARC21/slim http://www.loc.gov/standards/marcxml/schema/MARC21slim.xsd"
    xmlns="http://www.loc.gov/MARC21/slim">

  <leader>00788nam a22001937a 4500</leader>
  <datafield tag="952" ind1=" " ind2=" ">
    <subfield code="0">0</subfield>
    <subfield code="1">0</subfield>
    <subfield code="2">ddc</subfield>
    <subfield code="4">0</subfield>
    <subfield code="7">0</subfield>
    <subfield code="8">NFIC</subfield>
    <subfield code="a">ASL</subfield>
    <subfield code="b">ASL</subfield>
    <subfield code="c">SIC</subfield>
    <subfield code="d">2022-05-01</subfield>
    <subfield code="e">Donated by Prof. Sirajul Islam FRHS</subfield>
    <subfield code="l">0</subfield>
    <subfield code="o">920.71 TES</subfield>
    <subfield code="p">116734</subfield>
    <subfield code="r">2022-05-01 00:00:00</subfield>
    <subfield code="t">C-1</subfield>
    <subfield code="w">2022-05-01</subfield>
    <subfield code="y">BK</subfield>
    <subfield code="z">RARE</subfield>
  </datafield>
  <datafield tag="999" ind1=" " ind2=" ">
    <subfield code="c">28703</subfield>
    <subfield code="d">28703</subfield>
  </datafield>
  <controlfield tag="003">BDDh-ASL</controlfield>
  <controlfield tag="005">20231016062619.0</controlfield>
  <controlfield tag="008">220501s1986    b  ||||| |||| 00| 0 b   d</controlfield>
  <datafield tag="040" ind1=" " ind2=" ">
    <subfield code="c">BDDh-ASL</subfield>
  </datafield>
  <datafield tag="082" ind1=" " ind2=" ">
    <subfield code="a">920.71</subfield>
    <subfield code="b">TES</subfield>
  </datafield>
  <datafield tag="100" ind1="1" ind2=" ">
    <subfield code="9">6193</subfield>
    <subfield code="a">&#x9A4;&#x9C7;&#x99C;&#x9B8;&#x9BE;&#x9A8;&#x9A8;&#x9CD;&#x9A6;, &#x9B8;&#x9CD;&#x9AC;&#x9BE;&#x9AE;&#x9C0; </subfield>
  </datafield>
  <datafield tag="245" ind1="1" ind2=" ">
    <subfield code="a">&#x9B6;&#x9CD;&#x9B0;&#x9C0;&#x9B0;&#x9BE;&#x9AE;&#x995;&#x9C3;&#x9B7;&#x9CD;&#x9A3; &#x99C;&#x9C0;&#x9AC;&#x9A8;&#x9C0;:</subfield>
    <subfield code="b">(&#x9B2;&#x9C0;&#x9B2;&#x9BE;&#x9AA;&#x9CD;&#x9B0;&#x9B8;&#x999;&#x9CD;&#x997; &#x985;&#x9AC;&#x9B2;&#x9AE;&#x9CD;&#x9AC;&#x9A8;&#x9C7;) /</subfield>
  </datafield>
  <datafield tag="246" ind1=" " ind2=" ">
    <subfield code="a"> &#x200D;Sreeramkrisna Jiboni </subfield>
  </datafield>
  <datafield tag="260" ind1=" " ind2=" ">
    <subfield code="a">&#x9A2;&#x9BE;&#x995;&#x9BE;: </subfield>
    <subfield code="b">&#x9B6;&#x9CD;&#x9B0;&#x9C0;&#x9B0;&#x9BE;&#x9AE;&#x995;&#x9C3;&#x9B7;&#x9CD;&#x9A3; &#x9AE;&#x9A0;, </subfield>
    <subfield code="c">&#x9E7;&#x9EF;&#x9EE;&#x9EC;&#x964; </subfield>
  </datafield>
  <datafield tag="300" ind1=" " ind2=" ">
    <subfield code="a">&#x9E7;&#x9EF;&#x9E8; &#x9AA;&#x9C3;&#x9B7;&#x9CD;&#x9A0;&#x9BE;: </subfield>
    <subfield code="c">&#x9E7;&#x9EE; &#x9B8;&#x9C7;.&#x9AE;&#x9BF;. </subfield>
  </datafield>
  <datafield tag="600" ind1="1" ind2="0">
    <subfield code="9">6194</subfield>
    <subfield code="a">&#x9B6;&#x9CD;&#x9B0;&#x9C0;&#x9B0;&#x9BE;&#x9AE;&#x995;&#x9C3;&#x9B7;&#x9CD;&#x9A3; </subfield>
  </datafield>
  <datafield tag="650" ind1=" " ind2="0">
    <subfield code="a">biographical dictionary - &#x99A;&#x9B0;&#x9BF;&#x9A4;&#x9BE;&#x9AD;&#x9BF;&#x9A7;&#x9BE;&#x9A8;</subfield>
    <subfield code="9">4665</subfield>
  </datafield>
  <datafield tag="942" ind1=" " ind2=" ">
    <subfield code="2">ddc</subfield>
    <subfield code="c">BK</subfield>
  </datafield>
</record>
